000 00679nam a22001937a 4500
005 20251108165413.0
008 250721s1980 xx 000 0 ara d
082 1 4 _a940.28/تاي
100 1 _aتايلور، أ.ج.ب.
245 1 0 _aالصراع على السيادة في أوروبا 1848-1918 /
264 1 _aالموصل :
_bوزارة التعليم العالي و البحث العلمي - جامعة الموصل،
_c1980.
300 _a856ص
650 1 7 _aالتاريخ الحديث
650 1 7 _aتاريخ أوروبا
700 1 _aنعمة، كاظم هاشم
_eترجمة
700 1 _aعزيز، يوئيل يوسف
942 _2ddc
_cBK
999 _c27100
_d27100